<?xml version="1.0" encoding="UTF-8"?>
<record
    xmlns:xsi="http://www.w3.org/2001/XMLSchema-instance"
    xsi:schemaLocation="http://www.loc.gov/MARC21/slim http://www.loc.gov/standards/marcxml/schema/MARC21slim.xsd"
    xmlns="http://www.loc.gov/MARC21/slim">

  <leader>02173nam a22001697a 4500</leader>
  <controlfield tag="008">170714b        xxu||||| |||| 00| 0 eng d</controlfield>
  <datafield tag="020" ind1=" " ind2=" ">
    <subfield code="a">9781449688875</subfield>
  </datafield>
  <datafield tag="050" ind1=" " ind2=" ">
    <subfield code="a">RA425.S3</subfield>
  </datafield>
  <datafield tag="100" ind1=" " ind2=" ">
    <subfield code="a">Schneider, Mary -Jane.</subfield>
  </datafield>
  <datafield tag="245" ind1=" " ind2=" ">
    <subfield code="a">Introduction to public health. /</subfield>
    <subfield code="c">Mary-Jane Schneider.</subfield>
  </datafield>
  <datafield tag="250" ind1=" " ind2=" ">
    <subfield code="a">4th ed.</subfield>
  </datafield>
  <datafield tag="260" ind1=" " ind2=" ">
    <subfield code="a">Burlington:</subfield>
    <subfield code="b">Jones &amp; Bartlett Learning,</subfield>
    <subfield code="c">2014.</subfield>
  </datafield>
  <datafield tag="300" ind1=" " ind2=" ">
    <subfield code="a">xxxi, 622p.:</subfield>
    <subfield code="b">ill.;</subfield>
    <subfield code="c">23cm.</subfield>
  </datafield>
  <datafield tag="500" ind1=" " ind2=" ">
    <subfield code="a">Includes index.</subfield>
  </datafield>
  <datafield tag="505" ind1=" " ind2=" ">
    <subfield code="a">Contents: What is public health?: Public health: science, politics, and prevention -- Why is public health controversial? -- Powers and responsibilities of government -- Analytical methods of public health: Epidemiology: the basic science of public health -- Epidemiologic principles and methods -- Problems and limits of epidemiology -- Statistics: making sense of uncertainty -- The Role of data in public health -- Biomedical basis of public health: The "conquest" of infectious diseases -- The Resurgence of infectious diseases -- The biomedical basis of chronic diseases -- Genetic diseases and other inborn errors -- Social and behavioral factors in health: Do people choose their own health? -- How psychosocial factors affect health behavior -- Public health enemy number one: tobacco -- Public health enemy number two and growing: poor diet and physical inactivity -- Injuries are not accidents -- Maternal and child health as a social problem -- Mental health: public health includes healthy minds -- Environmental issues in public health: A Clean environment: the basis of public health -- Clean air: is it safe to breathe? -- Clean water: a limited resource -- Solid and hazardous wastes: what to do with the garbage? -- Safe foods and drugs: an ongoing regulatory battle -- Population: the ultimate environmental health issue -- Medical care and public health: Is the medical care system a public health issue? -- Why the U.S. medical system needs reform -- Health services research: finding what works -- Public health and the aging population -- The Future of public health: Emergency preparedness, post-9/11 -- Public health in the twenty-first century: achievements and challenges.</subfield>
  </datafield>
  <datafield tag="942" ind1=" " ind2=" ">
    <subfield code="2">lcc</subfield>
    <subfield code="c">BK</subfield>
  </datafield>
  <datafield tag="999" ind1=" " ind2=" ">
    <subfield code="c">6398</subfield>
    <subfield code="d">13898</subfield>
  </datafield>
  <datafield tag="952" ind1=" " ind2=" ">
    <subfield code="0">0</subfield>
    <subfield code="1">0</subfield>
    <subfield code="2">lcc</subfield>
    <subfield code="4">0</subfield>
    <subfield code="7">0</subfield>
    <subfield code="8">NFIC</subfield>
    <subfield code="a">WIUC-1</subfield>
    <subfield code="b">WIUC-1</subfield>
    <subfield code="c">NURS L.</subfield>
    <subfield code="d">2017-07-14</subfield>
    <subfield code="l">0</subfield>
    <subfield code="o">RA425.S3</subfield>
    <subfield code="p">NURS/332/17</subfield>
    <subfield code="r">2017-07-14 00:00:00</subfield>
    <subfield code="t">1</subfield>
    <subfield code="w">2017-07-14</subfield>
    <subfield code="y">BK</subfield>
  </datafield>
  <datafield tag="952" ind1=" " ind2=" ">
    <subfield code="0">0</subfield>
    <subfield code="1">0</subfield>
    <subfield code="2">lcc</subfield>
    <subfield code="4">0</subfield>
    <subfield code="7">0</subfield>
    <subfield code="8">NFIC</subfield>
    <subfield code="a">WIUC-1</subfield>
    <subfield code="b">WIUC-1</subfield>
    <subfield code="c">NURS L.</subfield>
    <subfield code="d">2017-07-14</subfield>
    <subfield code="l">0</subfield>
    <subfield code="o">RA425.S31</subfield>
    <subfield code="p">NURS/333/17</subfield>
    <subfield code="r">2017-07-14 00:00:00</subfield>
    <subfield code="t">2</subfield>
    <subfield code="w">2017-07-14</subfield>
    <subfield code="y">BK</subfield>
  </datafield>
  <datafield tag="952" ind1=" " ind2=" ">
    <subfield code="0">0</subfield>
    <subfield code="1">0</subfield>
    <subfield code="2">lcc</subfield>
    <subfield code="4">0</subfield>
    <subfield code="7">0</subfield>
    <subfield code="8">NFIC</subfield>
    <subfield code="a">WIUC-1</subfield>
    <subfield code="b">WIUC-1</subfield>
    <subfield code="c">NURS L.</subfield>
    <subfield code="d">2017-07-14</subfield>
    <subfield code="l">0</subfield>
    <subfield code="o">RA425.S32</subfield>
    <subfield code="p">NURS/334/17</subfield>
    <subfield code="r">2017-07-14 00:00:00</subfield>
    <subfield code="t">3</subfield>
    <subfield code="w">2017-07-14</subfield>
    <subfield code="y">BK</subfield>
  </datafield>
</record>
